000
00206 a2200097 4500
001
47021
100
_a
Degaulle G
245
_a
Unity
260
_a
London
_b
Weidenfeld & Nicolson
_c
090
_c
30089
_d
30089
942
_a
NUST-CAE
_c
M
_c
22324
999
_c
282094
_d
282094